| Tag |
First Indicator |
Second Indicator |
Subfields |
| LEADER |
00000cas a2200000 a 4500 |
| 001 |
in00000406813 |
| 005 |
20151012051108.0 |
| 008 |
790511d19791990nyumr1p 0uuua0eng d |
| 010 |
|
|
|a 80640244
|z sc 79004213
|
| 022 |
0 |
|
|a 0195-4296
|
| 030 |
|
|
|a MEDEDM
|
| 032 |
|
|
|a 885580
|b USPS
|
| 035 |
|
|
|a (OCoLC)04952413
|
| 035 |
|
|
|9 ABT3559AM
|
| 040 |
|
|
|a TJC
|c TJC
|d MUL
|d YUS
|d DLC
|d NSD
|d OCL
|d DLC
|d NSD
|d NST
|d OCL
|d NST
|d AIP
|d NST
|d AIP
|d NST
|d TXA
|d UtOrBLW
|
| 042 |
|
|
|a lc
|a nsdp
|
| 049 |
|
|
|a TXAE
|
| 050 |
0 |
0 |
|a HF5801
|b .M38
|
| 210 |
0 |
|
|a Mark. media decis.
|
| 222 |
|
0 |
|a Marketing & media decisions
|
| 245 |
0 |
0 |
|a Marketing & media decisions.
|
| 246 |
1 |
3 |
|a Marketing and media decisions
|
| 246 |
1 |
3 |
|a M & MD
|f Apr. 1990-
|
| 264 |
|
1 |
|a New York :
|b Decisions Publications.
|
| 300 |
|
|
|a 12 volumes :
|b illustrations ;
|c 28 cm.
|
| 336 |
|
|
|a text
|b txt
|2 rdacontent
|
| 337 |
|
|
|a unmediated
|b n
|2 rdamedia
|
| 338 |
|
|
|a volume
|b nc
|2 rdacarrier
|
| 362 |
0 |
|
|a Vol. 14, no. 5-v. 25, no. 12 ; May 1979-Dec. 1990.
|
| 510 |
1 |
|
|a Trade and industry index
|b 1981-
|
| 510 |
2 |
|
|a Predicasts
|
| 510 |
1 |
|
|a Business periodicals index
|x 0007-6961
|
| 650 |
|
0 |
|a Advertising
|v Periodicals.
|
| 650 |
|
0 |
|a Marketing
|v Periodicals.
|
| 780 |
0 |
0 |
|t Media decisions
|x 0025-6900
|w (DLC) 72001017
|
| 785 |
0 |
0 |
|a Mediaweek
|w (OCoLC)23001039
|
| 948 |
|
|
|a T1
|
| 999 |
|
|
|a MARS
|
| 999 |
f |
f |
|s 08c2d7e5-9223-3815-99db-46b3e081e45d
|i aee0265a-d9f9-31c6-9f07-0d71ea44c057
|t 0
|
| 952 |
f |
f |
|p ric
|a Texas A&M University
|b Rellis Campus
|c Joint Library Facility
|d Remote Storage
|t 0
|e HF5801 .M38
|h Library of Congress classification
|i unmediated -- volume
|k v.23:no.1 -v.23:no.3
|l 1988-1988
|m A14811845541
|
| 952 |
f |
f |
|p ric
|a Texas A&M University
|b Rellis Campus
|c Joint Library Facility
|d Remote Storage
|t 0
|e HF5801 .M38
|h Library of Congress classification
|i unmediated -- volume
|k v.25:no.1 -v.25:no.6
|l 1990-1990
|m A14812937896
|
| 952 |
f |
f |
|p ric
|a Texas A&M University
|b Rellis Campus
|c Joint Library Facility
|d Remote Storage
|t 0
|e HF5801 .M38
|h Library of Congress classification
|i unmediated -- volume
|k v.21:no.7-13
|l 1986:June-Dec.
|m A14818045532
|
| 952 |
f |
f |
|p ric
|a Texas A&M University
|b Rellis Campus
|c Joint Library Facility
|d Remote Storage
|t 0
|e HF5801 .M38
|h Library of Congress classification
|i unmediated -- volume
|k v.24:no.7 -v.24:no.12
|l 1989-1989
|m A14812884182
|
| 952 |
f |
f |
|p ric
|a Texas A&M University
|b Rellis Campus
|c Joint Library Facility
|d Remote Storage
|t 0
|e HF5801 .M38
|h Library of Congress classification
|i unmediated -- volume
|k v.22:no.10 -v.22:no.12
|l 1988-1988
|m A14811639615
|
| 952 |
f |
f |
|p ric
|a Texas A&M University
|b Rellis Campus
|c Joint Library Facility
|d Remote Storage
|t 0
|e HF5801 .M38
|h Library of Congress classification
|i unmediated -- volume
|k v.23:no.7 -v.23:no.12
|l 1988-1988
|m A14811933598
|
| 952 |
f |
f |
|p ric
|a Texas A&M University
|b Rellis Campus
|c Joint Library Facility
|d Remote Storage
|t 0
|e HF5801 .M38
|h Library of Congress classification
|i unmediated -- volume
|k v.22:no.7 -v.22:no.9
|l 1988-1988
|m A14811639584
|
| 952 |
f |
f |
|p ric
|a Texas A&M University
|b Rellis Campus
|c Joint Library Facility
|d Remote Storage
|t 0
|e HF5801 .M38
|h Library of Congress classification
|i unmediated -- volume
|k v.25:no.7 -v.25:no.12
|l 1990-1990
|m A14812910048
|
| 952 |
f |
f |
|p ric
|a Texas A&M University
|b Rellis Campus
|c Joint Library Facility
|d Remote Storage
|t 0
|e HF5801 .M38
|h Library of Congress classification
|i unmediated -- volume
|k v.21:no.1-2,4-6
|l 1986:Jan.-Feb.,winter-May
|m A14812024067
|
| 952 |
f |
f |
|p ric
|a Texas A&M University
|b Rellis Campus
|c Joint Library Facility
|d Remote Storage
|t 0
|e HF5801 .M38
|h Library of Congress classification
|i unmediated -- volume
|k v.22:no.1 -v.22:no.6
|l 1987-1987
|m A14811624644
|
| 952 |
f |
f |
|p ric
|a Texas A&M University
|b Rellis Campus
|c Joint Library Facility
|d Remote Storage
|t 0
|e HF5801 .M38
|h Library of Congress classification
|i unmediated -- volume
|k v.24:no.1,3-6
|l 1989:Jan.,Mar.-June
|m A14812883380
|
| 952 |
f |
f |
|p ric
|a Texas A&M University
|b Rellis Campus
|c Joint Library Facility
|d Remote Storage
|t 0
|e HF5801 .M38
|h Library of Congress classification
|i unmediated -- volume
|k v.23:no.4 -v.23:no.6
|l 1988-1988
|m A14812115096
|
| 998 |
f |
f |
|a HF5801 .M38
|s v.21-25 (1986-1990)
|t 0
|l Remote Storage
|